[Event "POL-chT U19 2nd League"]
[Site "Borowice"]
[Date "2012.07.28"]
[Round "10"]
[White "Wiaterek, Jakub"]
[Black "Nun, Grzegorz"]
[Result "1/2-1/2"]
[WhiteElo "1556"]
[BlackElo "1726"]
[PlyCount "119"]
[EventDate "2012.07.21"]
[EventType "team-swiss"]
[EventRounds "11"]
[EventCountry "POL"]
[SourceTitle "EXT 2014"]
[Source "ChessBase"]
[SourceDate "2013.11.20"]
[SourceVersion "1"]
[SourceVersionDate "2013.11.20"]
[SourceQuality "1"]
[WhiteTeam "Katowice UKS Palac Mlodziezy U19"]
[BlackTeam "Kozuchow Odrodzenie U19"]
[WhiteTeamCountry "POL"]
[BlackTeamCountry "POL"]

1. d4 Nf6 2. c4 c5 3. d5 b5 4. cxb5 a6 5. e3 d6 6. Nc3 Nbd7 7. a4 g6 8. e4 Bg7 9. Nf3 0-0 10. Bd2 Ne8 11. Bd3 Nc7 12. 0-0 axb5 13. axb5 Rb8 14. Qe2 Nb6 15. Ra2 Bd7 16. Rfa1 c4 17. Bxc4 Nxc4 18. Qxc4 Nxb5 19. Qd3 Qc7 20. Ra5 Qb7 21. Bg5 Rfc8 22. Bd2 Nxc3 23. bxc3 Bb5 24. Qe3 Bc4 25. Ra7 Qb2 26. h3 Rb7 27. Nd4 Bf6 28. f4 Qb6 29. R7a4 Bxd4 30. Qxd4 Qxd4+ 31. cxd4 Bb3 32. Ra8 Rxa8 33. Rxa8+ Kg7 34. Kf2 Bc2 35. Kf3 Rb3+ 36. Be3 Bd1+ 37. Kf2 Rb2+ 38. Kg3 Bc2 39. Kf3 f5 40. exf5 gxf5 41. Bf2 Be4+ 42. Kg3 Rb3+ 43. Kh2 Rb2 44. Kg3 Bxd5 45. Ra3 h5 46. h4 Kf7 47. Re3 Be4 48. Ra3 Ke6 49. Re3 Kd5 50. Rc3 Rc2 51. Rxc2 Bxc2 52. Kh3 Ke4 53. g3 d5 54. Kg2 Bd1 55. Kf1 Kf3 56. Be1 Be2+ 57. Kg1 Bd3 58. Kh2 Be4 59. Bb4 Ke3 60. Bc5 1/2-1/2

[Event "POL-chT U19 2nd League"]
[Site "Borowice"]
[Date "2012.07.25"]
[Round "6"]
[White "Walter, Szymon"]
[Black "Wiaterek, Jakub"]
[Result "1-0"]
[WhiteElo "1864"]
[BlackElo "1556"]
[PlyCount "73"]
[EventDate "2012.07.21"]
[EventType "team-swiss"]
[EventRounds "11"]
[EventCountry "POL"]
[SourceTitle "EXT 2014"]
[Source "ChessBase"]
[SourceDate "2013.11.20"]
[SourceVersion "1"]
[SourceVersionDate "2013.11.20"]
[SourceQuality "1"]
[WhiteTeam "Podlesie UKS 21 U19"]
[BlackTeam "Katowice UKS Palac Mlodziezy U19"]
[WhiteTeamCountry "POL"]
[BlackTeamCountry "POL"]

1. e4 e6 2. d4 d5 3. e5 c5 4. c3 Nc6 5. Nf3 Nge7 6. a3 Nf5 7. b4 cxd4 8. cxd4 Qb6 9. Bb2 Bd7 10. g4 Nfe7 11. Nbd2 Ng6 12. Nb3 Rc8 13. Rc1 a6 14. Qd2 Be7 15. Bd3 Nh4 16. Nxh4 Bxh4 17. Nc5 Rc7 18. 0-0 Be7 19. f4 h6 20. Qf2 Bxc5 21. dxc5 Qa7 22. f5 Qb8 23. f6 g6 24. Bc3 Qd8 25. Qf4 Rc8 26. a4 Na7 27. Ra1 Bc6 28. Bd4 Qd7 29. Bc2 Rb8 30. Rf3 Kd8 31. Qd2 Nc8 32. Qd3 Qe8 33. Bc3 Na7 34. Rff1 Rc8 35. Rfb1 Ra8 36. b5 axb5 37. axb5 1-0

[Event "POL-chT U19 2nd League"]
[Site "Borowice"]
[Date "2012.07.23"]
[Round "4"]
[White "Jacek, Roksana"]
[Black "Wiaterek, Jakub"]
[Result "0-1"]
[WhiteElo "1861"]
[BlackElo "1556"]
[PlyCount "128"]
[EventDate "2012.07.21"]
[EventType "team-swiss"]
[EventRounds "11"]
[EventCountry "POL"]
[SourceTitle "EXT 2014"]
[Source "ChessBase"]
[SourceDate "2013.11.20"]
[SourceVersion "1"]
[SourceVersionDate "2013.11.20"]
[SourceQuality "1"]
[WhiteTeam "Szczecin Gryf U19"]
[BlackTeam "Katowice UKS Palac Mlodziezy U19"]
[WhiteTeamCountry "POL"]
[BlackTeamCountry "POL"]

1. e4 e6 2. Nf3 d5 3. Nc3 Nf6 4. e5 Nfd7 5. d4 c5 6. dxc5 Nc6 7. Bf4 Nxc5 8. Bd3 Be7 9. 0-0 g5 10. Bg3 h5 11. h3 Nxd3 12. cxd3 Bd7 13. a3 Qb6 14. Rc1 0-0-0 15. b4 Kb8 16. Nxd5 exd5 17. e6+ Ka8 18. exd7 Rxd7 19. Qa4 f6 20. b5 Nb8 21. Rfe1 Bc5 22. Qc2 Be7 23. a4 g4 24. Nh4 Bb4 25. Re2 gxh3 26. Nf5 Rg8 27. gxh3 h4 28. Kh2 hxg3+ 29. fxg3 Bd6 30. Qa2 Bc7 31. d4 Rg5 32. Qb1 Rh7 33. Rce1 Rgh5 34. h4 Qa5 35. Rc1 Qb6 36. Rc5 Rxh4+ 37. Nxh4 Rxh4+ 38. Kg2 Rg4 39. Re3 Rxd4 40. Qc1 Be5 41. Rc8 Rxa4 42. Qe1 Ra2+ 43. Kh1 Qe6 44. Rh8 d4 45. Re2 Qd5+ 46. Kg1 Rxe2 47. Qxe2 d3 48. Qd2 Bc3 49. Qf4 Be5 50. Qd2 Qd4+ 51. Kg2 Qc3 52. Qxc3 Bxc3 53. Rd8 d2 54. Kf3 a5 55. Ke2 b6 56. Rd3 Bb4 57. g4 Kb7 58. Rh3 Kc7 59. Rh7+ Nd7 60. Rh8 Kd6 61. Rh6 Kc5 62. Rh5+ Kd6 63. Rh6 Kc5 64. Rh5+ Kc4 0-1